Normal view
MARC view
Entry Topical Term
001 - CONTROL NUMBER
- control field: 33489
003 - CONTROL NUMBER IDENTIFIER
- control field: ARRUPE
005 - DATE AND TIME OF LATEST TRANSACTION
- control field: 20170725093529.0
008 - FIXED-LENGTH DATA ELEMENTS
- fixed length control field: 170725|| aca||aabn | a|a d
040 ## - CATALOGING SOURCE
- Original cataloging agency: ARRUPE
- Transcribing agency: ARRUPE
150 ## - HEADING--TOPICAL TERM
- Topical term or geographic name as entry element: Russian
- General subdivision: History
- Chronological subdivision: 1917
670 ## - SOURCE DATA FOUND
- Source citation: Work cat.: (ARRUPE): Ulam, Adam B. 33488, A history of Soviet Russia